000 00501nam a2200229Ia 4500
003 IT-RoPAU
008 120407s9999 xx 000 0 und d
040 _aIT-RoPAU
040 _cIT-RoPAU
041 _aita
100 _aPiero Gheddo
245 _aMissione in Oceania. Giovanni Mazzucconi, martire a Woodlark
250 _aRoma
260 _aEdizioni Paoline
260 _c1984
300 _a103 p.
300 _bill.
300 _c21 cm
490 _v1
942 _cBK
999 _c24095
_d24095